| 000 | 01828cas a2200445 a 4500 | ||
|---|---|---|---|
| 001 | 11808393 | ||
| 003 | OSt | ||
| 005 | 20120109123903.0 | ||
| 008 | 991012c19989999ug x p g 0 0eng | ||
| 010 | _a 99890500 | ||
| 035 | _a(OCoLC)ocm42616257 | ||
| 037 | _bUganda Law Society, Plot 81 Kiira Road, P.O. Box 426, Kampala | ||
| 040 |
_aDLC _cDLC |
||
| 042 | _alc | ||
| 043 | _af-ug--- | ||
| 050 | 0 | 0 |
_aK25 _b.G37 |
| 082 | _a348.0056761 | ||
| 130 | 0 |
_aLaw review (Kampala, Uganda) _96035 |
|
| 245 | 0 | 0 |
_aUganda Law Society Law review 1998 / _cUganda Law Society. |
| 246 | 1 |
_iIssues for 2000-<2001> have title: _aUganda Law Society law review |
|
| 246 | 1 | 3 | _aUganda Law Society law review |
| 260 |
_aKampala : _bThe Society, _cc1998- |
||
| 300 |
_av. ; _c21 cm. |
||
| 310 |
_aIrregular, _b2000- |
||
| 321 |
_aMonthly, _b1998- |
||
| 362 | 0 | _aMar. 1998- ; 2000, no. 1- | |
| 500 | _aTitle from cover. | ||
| 500 | _aLatest issue consulted: 2001, no. 1. | ||
| 515 | _aIssue for 2000, no. 1 called also vol. 1 in editorial. | ||
| 650 | 0 |
_aLaw _zUganda _vPeriodicals. _96066 |
|
| 710 | 2 |
_aUganda Law Society. _96037 |
|
| 780 | 0 | 0 |
_tUganda Law Society review _w(DLC) 85980680 _w(OCoLC)13811457 |
| 906 |
_a7 _bcbc _cserials _d2 _encip _f19 _gn-oclcserc |
||
| 942 |
_2ddc _cPER |
||
| 999 |
_c4899 _d4899 |
||